| 000 | 01421cam a22003134a 4500 | ||
|---|---|---|---|
| 999 |
_c16755 _d16755 |
||
| 001 | 15798227 | ||
| 005 | 20161116150410.0 | ||
| 008 | 090630s2010 at a 001 0 eng | ||
| 010 |
_a 2009931728 _z 2009928411 |
||
| 020 | _a9781435427518 | ||
| 020 | _a1435427513 | ||
| 040 |
_aDLC _cDLC _dDLC |
||
| 042 | _apcc | ||
| 050 | 0 | 0 |
_aRB111 _b.J66 2010 |
| 100 | 1 | _aNeighbors, Marianne. | |
| 245 | 1 | 0 |
_aHuman diseases / _cMarianne Neighbors, Ruth Tannehill-Jones. |
| 250 | _a3rd ed. | ||
| 260 |
_aAustralia ; _bUnited States : _bDelmar Cengage Learning, _cc2010. |
||
| 300 |
_axxix, 544 p. : _bcol. ill. ; _c28 cm. + _e1CD-ROM (4 3/4 in.) |
||
| 500 | _aIncludes index. | ||
| 650 | 0 | _aPathology. | |
| 700 | 1 | _aTannehill-Jones, Ruth. | |
| 942 |
_2lcc _cBOOKS _hRB111 .J66 2010 |
||